| 000 | 00711nam a2200181 i 4500 | ||
|---|---|---|---|
| 001 | 144020 | ||
| 003 | ES-MaACL | ||
| 005 | 20230906200927.0 | ||
| 007 | t| | ||
| 008 | 070214s1947 sp r ||||1| spa d | ||
| 100 | 1 |
_aSimón Díaz, José. _9106544 |
|
| 245 | 1 | 0 |
_aManuscritos y documentos relativos a Vizcaya / _cJosé Simón Díaz. _n, . I, _p(Archivo Histórico Nacional, Biblioteca Nacional, de la Academia de la Historia y de Palacio y Museo Naval). |
| 260 |
_aMadrid : _bJunta de Cultura de la... Diputación de Vizcaya, _c1947 ( _fAguirre) |
||
| 300 |
_a127 p. ; _c25 cm. |
||
| 651 | 4 |
_aVizcaya- _xHistoria. _99542 |
|
| 710 | 2 |
_aJunta de Cultura de Vizcaya. _95386 |
|
| 852 |
_aES-MaACL _jC-42684 _bR.89231 |
||
| 999 |
_c144020 _d144020 |
||